000 00309nam a22001337a 4500
008 170609b xxu||||| |||| 00| 0 eng d
020 _a9780743262972
041 _aeng
080 _a94(7/8)
100 _a17
101 _aSHH
245 _aLINCOLN'S EMANCIPATION PROCLAMATION
_cGUELZO,A.C
942 _2udc
_cBK
999 _c16604
_d16604